[Event "RSA-ch U14"]
[Site "Bloemfontein"]
[Date "2016.03.25"]
[Round "10"]
[White "Dheda, Khelan"]
[Black "Chetty, Mayilan"]
[Result "1-0"]
[WhiteElo "1311"]
[BlackElo "1477"]
[PlyCount "72"]
[EventDate "2016.03.20"]
[EventType "swiss"]
[EventRounds "11"]
[EventCountry "RSA"]
[SourceTitle "CBM 171 Extra"]
[Source "ChessBase"]
[SourceDate "2016.04.26"]
[SourceVersion "1"]
[SourceVersionDate "2016.04.26"]
[SourceQuality "1"]

1. d4 Nf6 2. Bg5 Ne4 3. h4 c6 4. Nd2 Qa5 5. Ngf3 h6 6. Bf4 Nf6 7. c3 d6 8. Qc2 Nbd7 9. e4 Nh5 10. Bh2 g6 11. g4 Nhf6 12. Rg1 h5 13. gxh5 Rxh5 14. Rg5 Rxg5 15. hxg5 Nh7 16. Nc4 Qd8 17. 0-0-0 b5 18. Ne3 Qb6 19. e5 e6 20. exd6 Bb7 21. Bf4 Bg7 22. Nh4 Nhf8 23. Bd3 0-0-0 24. Ng4 c5 25. dxc5 Qxc5 26. Be4 Qb6 27. Bxb7+ Qxb7 28. Qe2 f6 29. gxf6 Nxf6 30. Nxf6 Bxf6 31. Nf3 Rd7 32. Ne5 g5 33. Nxd7 Nxd7 34. Be5 Bd8 35. Qg4 Qb6 36. Qd4 Qa6 1-0

[Event "RSA-ch U14"]
[Site "Waterkloof"]
[Date "2015.04.07"]
[Round "5"]
[White "Varden, Trevelyn"]
[Black "Chetty, Mayilan"]
[Result "0-1"]
[WhiteElo "1376"]
[BlackElo "1508"]
[PlyCount "126"]
[EventDate "2015.04.04"]
[EventType "swiss"]
[EventRounds "9"]
[EventCountry "RSA"]
[SourceTitle "CBM 166 Extra"]
[Source "ChessBase"]
[SourceDate "2015.06.18"]
[SourceVersion "1"]
[SourceVersionDate "2015.06.18"]
[SourceQuality "1"]

1. c4 c5 2. g3 Nf6 3. Bg2 Nc6 4. Nc3 e6 5. Nf3 Be7 6. 0-0 0-0 7. d3 d5 8. cxd5 exd5 9. d4 cxd4 10. Nxd4 h6 11. Bf4 a6 12. Qd2 Nxd4 13. Qxd4 Be6 14. Rfd1 Rc8 15. Bxd5 Nxd5 16. Nxd5 Bxd5 17. Qxd5 Qb6 18. b3 Bc5 19. e3 Ba3 20. Qe4 Rfe8 21. Qa4 Bb2 22. Rab1 Qf6 23. Rd2 Be5 24. Bxe5 Rxe5 25. Qd4 Qf5 26. Rbd1 Rec5 27. Qd7 Qf3 28. Qh3 Kh7 29. Qf1 R8c6 30. Qe2 Qf6 31. Qd3+ g6 32. Qd7 Rh5 33. Rd6 Qf3 34. Rxc6 bxc6 35. Rd2 Rg5 36. Qh3 Rc5 37. Qf1 h5 38. Re2 Re5 39. Re1 h4 40. Qe2 Qf6 41. Qb2 Qe6 42. Rc1 Rd5 43. Qc3 h3 44. Qc4 Qd6 45. Qh4+ Rh5 46. Qf4 Qe6 47. Rc4 Qd5 48. f3 Qd1+ 49. Kf2 Qd2+ 50. Kf1 Qg2+ 51. Ke1 Qg1+ 52. Kd2 Qxh2+ 53. Kc3 Kg7 54. Rxc6 Rf5 55. Qd4+ Kh7 56. Rf6 Qxg3 57. Rxf5 gxf5 58. Qd5 Qg7+ 59. Kc4 Qg6 60. Qd4 h2 61. Qh4+ Qh6 62. Qe7 Qe6+ 63. Qxe6 fxe6 0-1